000 00305nam a2200121Ia 4500
008 241015s9999 xx 000 0 und d
041 _aeng
082 _a658.4038 BAK
100 _aBaker
245 _aDecision Intelligence For Dummies
260 _bWiley India
_aNew Delhi
_c2022
300 _a306;. P. 23 cm
999 _c41877
_d41877